| 000 | 00593cam a2200145 4500500 | ||
|---|---|---|---|
| 005 | 20251228053357.0 | ||
| 041 | _afre | ||
| 042 | _adc | ||
| 100 | 1 | 0 |
_aBernet, Jacques _eauthor |
| 245 | 0 | 0 | _aLa Vie rurale dans l’Aisne, Laon, Mémoires de la Fédération des Sociétés d’Histoire et d’Archéologie de l’Aisne, t. xlviii, 2003 |
| 260 | _c2005. | ||
| 500 | _a7 | ||
| 786 | 0 | _nHistoire & Sociétés Rurales | 24 | 2 | 2005-10-01 | p. 171w-276w | 1254-728X | |
| 856 | 4 | 1 | _uhttps://shs.cairn.info/revue-histoire-et-societes-rurales-2005-2-page-171w?lang=fr&redirect-ssocas=7080 |
| 999 |
_c1585292 _d1585292 |
||